000 00841nam a2200253Ia 4500
003 OSt
005 20220918105728.0
006 a|||||r|||| 00| 0
007 ta
008 220915b |||||||| |||| 00| 0 eng d
020 _a9788120836457 (hbk)
_c1500
024 _a19,906
037 _b84, 28/03/2015, Motilal Banarsidass Publishers Pvt. Ltd.
_cReference Collections
040 _aARTS
_cARTS
_beng
041 _2eng
_aeng
082 _aR6k, N5.17(RR)
100 _aBalcerowicz Piotr Ed.
_93560
245 0 _aEncyclopedia of Indian philosophies
260 _aDelhi
_bMotilal Banarsidass Pub India
_c2014
300 _a429p.
650 _aPHILOSOPHY
942 _hR6k, N5.17(RR)
_cREF
999 _c109173
_d109173